Report Of The Finance Committee On The Request For Waiver Of Import Duties, Import Vat, Nhil, Getfund Levy, Exim Levy And Special Import Levy Amounting To The Ghana Cedi Equivalent Of Two Million, Eight Hundred And Ten Thousand And Ninety-Two United States Dollars (Us$2,810,092.00) On Materials And Equipment To Be Procured For The Construction Of Additional Facilities, Supply And Installation Of Medical Equipment To The Adjunct Clinical Block At The Bolgatanga Regional Hospital In The Upper East Region;........................................................................................... (Record no. 5175)

MARC details
000 -LEADER
fixed length control field 01158nam a22001697a 4500
003 - CONTROL NUMBER IDENTIFIER
control field OSt
005 - DATE AND TIME OF LATEST TRANSACTION
control field 20250609120456.0
008 - FIXED-LENGTH DATA ELEMENTS--GENERAL INFORMATION
fixed length control field 250609b |||||||| |||| 00| 0 eng d
041 ## - LANGUAGE CODE
Language code of text/sound track or separate title English
082 ## - DEWEY DECIMAL CLASSIFICATION NUMBER
Classification number Acc. No. 8526 CR/BRH/19
110 ## - MAIN ENTRY--CORPORATE NAME
Corporate name or jurisdiction name as entry element Finance Committee
245 ## - TITLE STATEMENT
Title Report Of The Finance Committee On The Request For Waiver Of Import Duties, Import Vat, Nhil, Getfund Levy, Exim Levy And Special Import Levy Amounting To The Ghana Cedi Equivalent Of Two Million, Eight Hundred And Ten Thousand And Ninety-Two United States Dollars (Us$2,810,092.00) On Materials And Equipment To Be Procured For The Construction Of Additional Facilities, Supply And Installation Of Medical Equipment To The Adjunct Clinical Block At The Bolgatanga Regional Hospital In The Upper East Region;...........................................................................................
260 ## - PUBLICATION, DISTRIBUTION, ETC.
Place of publication, distribution, etc. Accra
Name of publisher, distributor, etc. Parliament Of Ghana
Date of publication, distribution, etc. 2020
300 ## - PHYSICAL DESCRIPTION
Extent 12p; Tabs
650 ## - SUBJECT ADDED ENTRY--TOPICAL TERM
Source of heading or term Construction Of Additional Facilities, Supply And Installation Of Medical Equipment To The Adjunct Clinical Block At The Bolgatanga Regional Hospital In The Upper East Region
942 ## - ADDED ENTRY ELEMENTS (KOHA)
Source of classification or shelving scheme Dewey Decimal Classification
Koha item type Committee Reports
Suppress in OPAC No
Holdings
Withdrawn status Lost status Source of classification or shelving scheme Damaged status Not for loan Home library Current library Shelving location Date acquired Total checkouts Full call number Date last seen Copy number Price effective from Koha item type
    Dewey Decimal Classification     Main Library Main Library Open Shelves 09/06/2025   Acc. No. 8526 CR/BRH/19 09/06/2025 1 09/06/2025 Committee Reports
©2026  Parliament of Ghana Library - All rights reserved